000 00339nam a2200133Ia 4500
008 240624s9999 xx 000 0 und d
041 _aeng
082 _a823 ALE
100 _aBY ALEXIEVICH SVETLANA
245 _aCHERNOBYL PRAYER A CHRONICLE OF THE FUTU
260 _c2013
_aIndia
_bPenguin
300 _a293 : p. : cm ; 22
365 _cRS
999 _c27845
_d27845